| 000 | 00556nam a22001937a 4500 | ||
|---|---|---|---|
| 003 | MPLRDC | ||
| 005 | 20220105061054.0 | ||
| 008 | 210129b ||||| |||| 00| 0 eng d | ||
| 020 | _a978-957-13-5140-7 | ||
| 082 | _a528.33 CYQ | ||
| 100 | _a蔡颖卿 BUBU | ||
| 245 |
_a写给孩子的工作日记 _c翁乐旗 ABBY 英文作者 |
||
| 250 | _a初版11刷 | ||
| 260 |
_a台湾 _b时报文化出版企业股份有限公司 _c2014 |
||
| 300 | _b平 | ||
| 490 | _a蔡颖卿作品集: 2 | ||
| 650 | _a公民教育--生活教育 | ||
| 942 |
_cBK _o528.33 CYQ |
||
| 999 |
_c68390 _d68380 |
||